1572 1609 1027 1931 1301 1883 1757 1972 1289 1370 1266 1421 1285 1530 1669 1794 1532 1924 1593 1399 1805 1922 1094 1362 1954 1388 1713 1481 1264 1508 1607 1173 1705 1699 1952 1190 1380 1318 1005 1858 1413 1179 1056 1123 1672 1253 1933 1417 1525 1935 1214 1233 1237 1068 1231 1202 1173 1770 1042 1550 1524 1994 1230 1094 1526 1232 1153 1334 1015 1634 1330 1891 1218 1733 1553 1976 1085 1534 1379 1071 1657 1647 1769 1202 1384 1031 1672 1218 1583 1151 1233 1213 1095 1636 1375 1381 1011 1843 1008 BCNSPRNW ULIB Ver.6.0+V

เปลี่ยนเป็นภาษาไทย

Change to English
 แสดงรายละเอียดบรรณานุกรม
  กลับหน้าหลัก

Brief Record : Get Marc (ISO 2709) : E-mail record : QR code < ปิดหน้าต่าง
LEADER : 00000nam 2200000uu 4500
001    13399123480
003     ULIB
008    140924s2557||||th 000 0 tha d
020    ^a9786163486509
060 04 ^aWY157^bศ486ก
100 0  ^aศิริวรรณ แสงอินทร์
245 10 ^aการพยาบาลมารดาที่มีการคลอดยากและการช่วยคลอด/^cศิริวรรณ แสงอินทร์
250    ^aพิมพ์ครั้งที่ 1
260    ^aกรุงเทพฯ :^คณะยาบาลศาสตร์ มหาวิทยาลัยบูรพา,^c2557
300    ^a118 หน้า :^bภาพประกอบ ;^c27 ซม.
650  4 ^aการคลอด
650  4 ^aการพยาบาลสูติศาสตร์
650  4 ^aสูติศาสตร์
650  0 ^aการคลอดโดยใช้สูติศาสตร์หัตถการ
710 2  ^aมหาวิทยาลัยบูรพา. ^bคณะพยาบาลศาสตร์.
945    ^p159^l0^i035627
945    ^p159^l0^i035628
945    ^p159^l0^i035629
945    ^p159^l0^i035630
945    ^p159^l0^i035631
945    ^p159^l0^i035632
945    ^p159^l0^i035633
945    ^p159^l0^i035634
945    ^p159^l0^i035635
945    ^p159^l0^i035636
945    ^p159^l0^i035637
945    ^p159^l0^i035638
945    ^p159^l0^i035639
945    ^p159^l0^i035640
945    ^p159^l0^i035641
945    ^p159^l0^i035642
945    ^p159^l0^i035643
945    ^p159^l0^i035644
945    ^p159^l0^i035645
945    ^p159^l0^i039473
999    ^aเกษร โพธิ์สุวรรณ
รายการนี้ยังไม่มีแท็ก
คุณยังไม่ได้ล็อกอิน คุณสามารถมีกิจกรรมร่วมกับเว็บไซต์ได้ แต่ต้องล็อกอินก่อน ::
  ล็อกอิน

รายการสื่อสารสนเทศ

ลำดับที่ ประเภท เลขเรียก/บาร์โค้ด สถานที่ สถานะ
1. Book การพยาบาล
Book การพยาบาล
สถานะ=หนังสือเก่า
WY157 ศ486ก ฉ.1 
  Barcode: 035627
ห้องสมุดวิทยาเขตสวรรค์ประชารักษ์
►ส่วนจัดเก็บหนังสือเก่า สปร
บนชั้น
  ขอยืม
2. Book การพยาบาล
Book การพยาบาล
สถานะ=หนังสือเก่า
WY157 ศ486ก ฉ.10 
  Barcode: 035636
ห้องสมุดวิทยาเขตสวรรค์ประชารักษ์
►ส่วนจัดเก็บหนังสือเก่า สปร
บนชั้น
  ขอยืม
3. Book การพยาบาล
Book การพยาบาล
สถานะ=หนังสือเก่า
WY157 ศ486ก ฉ.11 
  Barcode: 035637
ห้องสมุดวิทยาเขตสวรรค์ประชารักษ์
►ส่วนจัดเก็บหนังสือเก่า สปร
บนชั้น
  ขอยืม
4. Book การพยาบาล
Book การพยาบาล
WY157 ศ486ก ฉ.12 
  Barcode: 035638
ห้องสมุดวิทยาเขตสวรรค์ประชารักษ์
►หนังสือทั่วไป
บนชั้น
5. Book การพยาบาล
Book การพยาบาล
WY157 ศ486ก ฉ.13 
  Barcode: 035639
ห้องสมุดวิทยาเขตสวรรค์ประชารักษ์
►หนังสือทั่วไป
บนชั้น
6. Book การพยาบาล
Book การพยาบาล
WY157 ศ486ก ฉ.14 
  Barcode: 035640
ห้องสมุดวิทยาเขตสวรรค์ประชารักษ์
►หนังสือทั่วไป
บนชั้น
7. Book การพยาบาล
Book การพยาบาล
WY157 ศ486ก ฉ.15 
  Barcode: 035641
ห้องสมุดวิทยาเขตสวรรค์ประชารักษ์
►หนังสือทั่วไป
บนชั้น
8. Book การพยาบาล
Book การพยาบาล
WY157 ศ486ก ฉ.16 
  Barcode: 035642
ห้องสมุดวิทยาเขตสวรรค์ประชารักษ์
►หนังสือทั่วไป
บนชั้น
9. Book การพยาบาล
Book การพยาบาล
WY157 ศ486ก ฉ.17 
  Barcode: 035643
ห้องสมุดวิทยาเขตสวรรค์ประชารักษ์
►หนังสือทั่วไป
บนชั้น
10. Book การพยาบาล
Book การพยาบาล
สถานะ=หนังสือเก่า
WY157 ศ486ก ฉ.18 
  Barcode: 035644
ห้องสมุดวิทยาเขตสวรรค์ประชารักษ์
►ส่วนจัดเก็บหนังสือเก่า สปร
บนชั้น
  ขอยืม
11. Book การพยาบาล
Book การพยาบาล
WY157 ศ486ก ฉ.19 
  Barcode: 035645
ห้องสมุดวิทยาเขตสวรรค์ประชารักษ์
►หนังสือทั่วไป
บนชั้น
12. Book การพยาบาล
Book การพยาบาล
WY157 ศ486ก ฉ.2 
  Barcode: 035628
ห้องสมุดวิทยาเขตสวรรค์ประชารักษ์
►หนังสือทั่วไป
บนชั้น
13. Book การพยาบาล
Book การพยาบาล
WY157 ศ486ก ฉ.20 
  Barcode: 039473
ห้องสมุดวิทยาเขตสวรรค์ประชารักษ์
►หนังสือทั่วไป
บนชั้น
14. Book การพยาบาล
Book การพยาบาล
WY157 ศ486ก ฉ.3 
  Barcode: 035629
ห้องสมุดวิทยาเขตสวรรค์ประชารักษ์
►หนังสือทั่วไป
บนชั้น
15. Book การพยาบาล
Book การพยาบาล
WY157 ศ486ก ฉ.4 
  Barcode: 035630
ห้องสมุดวิทยาเขตสวรรค์ประชารักษ์
►หนังสือทั่วไป
บนชั้น
16. Book การพยาบาล
Book การพยาบาล
WY157 ศ486ก ฉ.5 
  Barcode: 035631
ห้องสมุดวิทยาเขตสวรรค์ประชารักษ์
►หนังสือทั่วไป
บนชั้น
17. Book การพยาบาล
Book การพยาบาล
WY157 ศ486ก ฉ.6 
  Barcode: 035632
ห้องสมุดวิทยาเขตสวรรค์ประชารักษ์
►หนังสือทั่วไป
บนชั้น
18. Book การพยาบาล
Book การพยาบาล
WY157 ศ486ก ฉ.7 
  Barcode: 035633
ห้องสมุดวิทยาเขตสวรรค์ประชารักษ์
►หนังสือทั่วไป
บนชั้น
19. Book การพยาบาล
Book การพยาบาล
WY157 ศ486ก ฉ.8 
  Barcode: 035634
ห้องสมุดวิทยาเขตสวรรค์ประชารักษ์
►หนังสือทั่วไป
บนชั้น
20. Book การพยาบาล
Book การพยาบาล
WY157 ศ486ก ฉ.9 
  Barcode: 035635
ห้องสมุดวิทยาเขตสวรรค์ประชารักษ์
►หนังสือทั่วไป
บนชั้น

รายการใกล้เคียง
    ผู้แต่ง [ศิริวรรณ แสงอินทร์]

    หัวเรื่อง [การคลอด]
    หัวเรื่อง [การพยาบาลสูติศาสตร์]
    หัวเรื่อง [สูติศาสตร์]
    หัวเรื่อง [การคลอดโดยใช้สูติศาสตร์หัตถการ]

BibComment


ยังไม่เคยถูกคอมเมนท์

คอมเมนท์ทรัพยากรรายการนี้
  คอมเมนท์: การพยาบาลมารดาที..


 Copyright 2026. Bcnsprnw @Library